Environmentálna ekonómia vo vybranej krajine EU diplomová práca

Salvato in:
Dettagli Bibliografici
Autore principale: Herdová, Klára
Ente Autore: Fakulta podnikového manažmentu EU. Katedra podnikovohospodárska
Altri autori: Grisáková, Nora, 1978-
Natura: Libro
Lingua:slovacco
Pubblicazione: Bratislava 2022
Tags: Aggiungi Tag
Nessun Tag, puoi essere il primo ad aggiungerne!!

MARC

LEADER 00000nbm a2200000 4500
001 0285641
005 20230216095748.4
041 0 |a slo 
044 |a SK 
245 1 0 |a Environmentálna ekonómia vo vybranej krajine EU  |b diplomová práca  |c Klára Herdová ; školiteľ: Nora Grisáková 
264 1 |a Bratislava  |c 2022 
300 |a 66 s. 
100 1 |a Herdová, Klára 
700 1 |a Grisáková, Nora, 1978- 
710 2 |a Fakulta podnikového manažmentu EU. Katedra podnikovohospodárska